000 00356nam a2200145Ia 4500
008 150301s2015 xx 000 0 und d
082 _a614
_bH14C
100 _aSUSHMA,CHATURVEDI
245 _aHEALTH EDUCATION AND COMMUNITY PHARMACY
250 _a11TH
260 _bTARA PUBLISHER
300 _a132
650 _aCOMMUNITY PHARMACY
942 _2ddc
_cBK
_06
999 _c7047
_d7047